Statistics for Mira Davis Quiz

Click here to take the quiz!

General Stats

  • This quiz has been taken 6 times
  • The average score is 11 of 13

Answer Stats

HintAnswer% Correct
What Percentage Chinese is Mira?1
100%
Mira's Favorite NFL Team?Baltimore Ravens
100%
Mira's Favorite Sport?Basketball
100%
What is Mira's Ethnicity?Filipino
100%
What is Mira's Middle Name?Marie
100%
What City Was Mira Born In?Pasay City
100%
What Language Is Mira Learning?Spanish
100%
Name One Of Mira's Favorite Basketball PlayersSteph Curry
100%
What Time Does Mira Generally Wake Up?4am
75%
Mira's Favorite NBA Team?Golden State Warriors
75%
Who is Mira's Favorite Rapper?Lil Tjay
75%
What is Mira's Mum Called?Deanne Davis
50%
What is Mira's Dream JobWoolies Worker
50%

Score Distribution

Percentile by Number Answered

Percent of People with Each Score

Your Score History

You have not taken this quiz